Modelos Estads̕ticos lineales

Detalles Bibliográficos
Autor principal: Tľlez Pięrez, Cristian Fernando
Otros Autores: Morales Rivera, Mario Alfonso
Formato: eBook
Lenguaje:español
Publicado: Bogot:̀ Ediciones de la U, 2016
Materias:
Acceso en línea:Acceso restringido

MARC

LEADER 00000nam a22000007a 4500
005 2018110206176.0
007 cr|||| |||
008 181102s2016 co |||||s|||| 00||0 spa d
020 |a 978-958-762-476-2 
035 |a 22161 
040 |a vLex 
090 |c 8265  |d 8265 
100 1 |a Tľlez Pięrez, Cristian Fernando 
245 1 0 |a Modelos Estads̕ticos lineales  |h [Recurso electrn̤ico] /  |c Cristian Fernando Tľlez Pięrez, Mario Alfonso Morales Rivera 
256 |a Servicio en ln̕ea 
260 |a Bogot:̀  |b Ediciones de la U,  |c 2016 
300 |a 1 recurso electrn̤ico 
500 |a Este libro implementa rp̀idamente en el lector el pensamiento estads̕tico en třminos de la modelacin̤ estocs̀tica. Los autores plasman los principales resultados de la teora̕ cls̀ica de una forma estructurada, clara y precisa. Desde sus primeras pg̀inas, este texto muestra rigurosamente el desarrollo de deducciones primordiales y con algunos ejemplos lx̌icos grf̀icos se ilustran las propiedades numřicas de forma exhaustiva. 
506 1 |a Disponible solo en los productos indicados  |d vLex Global  |d vLex Global (Academic Edition, excluding Law Schools)  |d vLex Global (U.S. Academic Edition, Law Schools)  |d vLex Global (U.S. Academic Edition, excluding Law Schools)  |d vLex Global (Academic Edition, Law Schools) 
650 0 4 |a Economa̕ y negocios  |z Colombia 
700 1 |a Morales Rivera, Mario Alfonso 
740 0 |a vLex Libros (Servicio en ln̕ea) 
856 4 0 |u http://vlex.com/source/modelos-estadisticos-lineales-22161  |z Acceso restringido 
942 |c BOOK 
999 0 |a Economy and business